=LDR 00000nam 2200000 4500 =001 INLIS000000000019948 =005 20130612114944 =008 ***********************************Ind** =035 ##$$0010-061300000019948 =041 ##$$a Ind =082 ##$$a 636.391 42 =090 ##$$a 636.391 42, Bro m =100 ##$$a Broto, Wisnu =245 ##$$a Mangga budidaya, pasca panen dan tata niaganya, Wisnu Broto =260 ##$$a 2003 $b Jakarta =300 ##$$a viii, 115 hlm, ilus, 23 cm =650 ##$$a Mangga (Buah) =850 ##$$a NBPNMAT